LEADER 00742nam a2200193 i 4500 001 000000258583 003 CaOOAMICUS 005 20180521000000.0 008 180521s1748 xx u000 u lat u 013 $a237491 026 $as,em E.DE esue cati (3) 1728 (R) 040 $aSeMil$bita 245 10$aTomus 1. 300 $a10, [24], 315, [1] p., XV carte di tav. :$bill. 500 $aSegn.: *-**4 a-b4 c2 A-2Q4 2R2. 773 0 $aHuygens, Christiaan <1629-1695>$tChristiani Hugenii ... Opera reliqua. Tomus primus [-2.].$dAmstelodami : Apud Janssonio-Waesbergios, 1728.$g1$w()10644 850 $aSeMil 852 $aSeMil$W1$xVenegono$y1$m3W V 47 FA$j208929$B208929$CSeMilBibl$Z2$F222636 $8I 996 $6245$aTomus 1$9(OLS)http://semarc/title/47282 LEADER 00562nab a2200181 i 4500 001 000000290766 003 CaOOAMICUS 005 20190801120805.0 008 170328t2017 fr qr p u0 a0fre r 013 $a45900 040 $aSeMil$bita 245 00$aAutour des 500 ans de la Réforme. 300 $a138 p. 500 $aTitolo principale dalla copertina. 513 $aAvril 2017. 773 0 $t[2017 : N° 2525-2528].$dMontrouge : Bayard, 2017.$gN° 2526$w()252711 996 $6245$aAutour des 500 ans de la Réforme$9(OLS)http://semarc/title/414709